A miniszterelnök halála [elbeszélés] /

Elmentve itt :
Bibliográfiai részletek
Szerző: Kudelász Nóbel
Dokumentumtípus: Cikk
Megjelent: Pompeji Alapítvány Szeged 2000
Sorozat:Fosszília
Kulcsszavak:Magyar irodalom - Erdély - novella
Tárgyszavak:
Online Access:http://acta.bibl.u-szeged.hu/8513
LEADER 00710nab a2200205 i 4500
001 acta8513
005 20240424105321.0
008 161015s2000 hu o 000 hun d
022 |a 1586-0116 
040 |a SZTE Egyetemi Kiadványok Repozitórium  |b hun 
041 |a hun 
100 1 |a Kudelász Nóbel 
245 1 2 |a A miniszterelnök halála   |h [elektronikus dokumentum] :  |b [elbeszélés] /  |c  Kudelász Nóbel 
260 |a Pompeji Alapítvány  |b Szeged  |c 2000 
300 |a 13-16 
490 0 |a Fosszília 
650 4 |a Bölcsészettudományok 
650 4 |a Nyelvek és irodalom 
695 |a Magyar irodalom - Erdély - novella 
856 4 0 |u http://acta.bibl.u-szeged.hu/8513/1/fosszilia_2000_1_013-016.pdf  |z Dokumentum-elérés